Rakouská inspirace
Agroturistika v Rakúsku. Motivačný faktor výberu dovolenky na vidieku. Zloženie rekreantov podľa krajiny pôvodu. Motivácia pre podnikanie v agroturistike.
Uložené v:
| Hlavný autor: | |
|---|---|
| Ďalší autori: | |
| Médium: | Kapitola |
| Jazyk: | Czech |
| Predmet: | |
| Tagy: |
Žiadne tagy, Buďte prvý, kto otaguje tento záznam!
|
MARC
| LEADER | 00000naa a2200000 4500 | ||
|---|---|---|---|
| 001 | r026051 | ||
| 005 | 20230920093642.6 | ||
| 041 | 0 | |a cze | |
| 044 | |a CZ | ||
| 245 | 1 | 0 | |a Rakouská inspirace |c I. Boháčková, L. Svatošová |
| 520 | |a Agroturistika v Rakúsku. Motivačný faktor výberu dovolenky na vidieku. Zloženie rekreantov podľa krajiny pôvodu. Motivácia pre podnikanie v agroturistike. | ||
| 610 | 2 | 0 | |a ruch cestovný |
| 610 | 2 | 0 | |a agroturistika |
| 610 | 2 | 0 | |a podnikanie |
| 610 | 2 | 0 | |a podnik ruchu cestovného |
| 610 | 2 | 0 | |a motivácia |
| 610 | 2 | 0 | |a Rakúsko |
| 100 | 1 | |a Boháčková, Ivana | |
| 700 | 1 | |a Svatošová, Libuše | |